Manažment 2000 ako sa riadia podniky na Slovensku
Enregistré dans:
| Collectivités auteurs: | , , |
|---|---|
| Autres auteurs: | , |
| Format: | Livre |
| Langue: | slovaque |
| Publié: |
Bratislava
Centrum ďalšieho vzdelávania EU
2000
|
| Sujets: | |
| Tags: |
Pas de tags, Soyez le premier à ajouter un tag!
|
MARC
| LEADER | 00000nam a2200000 4500 | ||
|---|---|---|---|
| 001 | c117981 | ||
| 005 | 20240104091429.7 | ||
| 041 | 0 | |a slo | |
| 044 | |a SK | ||
| 245 | 1 | 0 | |a Manažment 2000 |b ako sa riadia podniky na Slovensku |c zostavovateľ: Ján Porvazník, Jana Charvátová |
| 264 | 1 | |a Bratislava |b Centrum ďalšieho vzdelávania EU |c 2000 | |
| 300 | |a 133 s. | ||
| 610 | 2 | 0 | |a podnikanie |
| 610 | 2 | 0 | |a riadenie strategické |
| 610 | 2 | 0 | |a podnik |
| 610 | 2 | 0 | |a plánovanie strategické |
| 610 | 2 | 0 | |a manažment personálny |
| 610 | 2 | 0 | |a zdroje ľudské |
| 610 | 2 | 0 | |a vlastníctvo |
| 610 | 2 | 0 | |a manažéri |
| 610 | 2 | 0 | |a komunikácia |
| 610 | 2 | 0 | |a kultúra podniková |
| 610 | 2 | 0 | |a zamestnanci |
| 610 | 2 | 0 | |a manažment |
| 610 | 2 | 0 | |a dotazníky |
| 610 | 2 | 0 | |a reprodukcia |
| 610 | 2 | 0 | |a podnik poľnohospodársky |
| 610 | 2 | 0 | |a družstvá |
| 610 | 2 | 0 | |a riadenie podnikové |
| 610 | 2 | 0 | |a systémy informačné |
| 610 | 2 | 0 | |a štrukturalizácia |
| 610 | 2 | 0 | |a Slovensko |
| 700 | 1 | |a Porvazník, Ján | |
| 700 | 1 | |a Charvátová, Jana | |
| 110 | 2 | |a Manažment 2000. Medzinárodný vedecký seminár | |
| 710 | 2 | |a Fakulta podnikového manažmentu EU. Katedra manažmentu | |
| 710 | 2 | |a Centrum ďalšieho vzdelávania Ekonomickej univerzity v Bratislave | |